Электрический и тепловой расчёт изоляторов с полупроводящим покрытием, сформированным ионно-термическим воздействием; Современные техника и технологии; Т. 1

Detalhes bibliográficos
Parent link:Современные техника и технологии: сборник трудов XV Международной научно-практической конференции студентов, аспирантов и молодых ученых, Томск, 4-8 мая 2009 г/ Национальный исследовательский Томский политехнический университет (ТПУ).— , 2009
Т. 1.— 2009.— [С. 64-65]
Autor principal: Лебедь К. В. Константин Валерьевич
Outros Autores: Кабышев А. В. (научный руководитель)
Resumo:Заглавие с титульного листа
Электронная версия печатной публикации
Idioma:russo
Publicado em: 2009
Assuntos:
Acesso em linha:http://www.lib.tpu.ru/fulltext/c/2009/C01/V1/030.pdf
Formato: Recurso Electrónico Capítulo de Livro
KOHA link:https://koha.lib.tpu.ru/cgi-bin/koha/opac-detail.pl?biblionumber=240690

MARC

LEADER 00000naa2a2200000 4500
001 240690
005 20251209095304.0
035 |a (RuTPU)RU\TPU\book\261948 
035 |a RU\TPU\book\261944 
090 |a 240690 
100 |a 20130624d2009 k y0rusy50 ca 
101 0 |a rus 
102 |a RU 
135 |a drnn ---uucaa 
181 0 |a i  
182 0 |a b 
200 1 |a Электрический и тепловой расчёт изоляторов с полупроводящим покрытием, сформированным ионно-термическим воздействием  |f К. В. Лебедь  |g науч. рук. А. В. Кабышев 
203 |a Текст  |c электронный 
215 |a 1 файл (412 Кб) 
300 |a Заглавие с титульного листа 
300 |a Электронная версия печатной публикации 
337 |a Adobe Reader 
461 0 |0 (RuTPU)RU\TPU\book\261117  |t Современные техника и технологии  |o сборник трудов XV Международной научно-практической конференции студентов, аспирантов и молодых ученых, Томск, 4-8 мая 2009 г  |o в 3 т.  |f Национальный исследовательский Томский политехнический университет (ТПУ)  |d 2009 
463 0 |0 (RuTPU)RU\TPU\book\261157  |t Т. 1  |v [С. 64-65]  |d 2009 
610 1 |a электронный ресурс 
610 1 |a труды учёных ТПУ 
610 1 |a изоляторы 
610 1 |a тепловой расчет 
610 1 |a электрический расчет 
610 1 |a полупроводящие среды 
610 1 |a ионно-термическое воздействие 
610 1 |a покрытия 
610 1 |a уравнения 
700 1 |a Лебедь  |b К. В.  |c специалист в области электроснабжения промышленных предприятий  |c ассистент Томского политехнического университета  |g Константин Валерьевич  |3 (RuTPU)RU\TPU\pers\27069 
702 1 |a Кабышев  |b А. В.  |4 727 
801 1 |a RU  |b 63413507  |c 20130617 
801 2 |a RU  |b 63413507  |c 20131024  |g RCR 
856 4 |u http://www.lib.tpu.ru/fulltext/c/2009/C01/V1/030.pdf 
942 |c CF